|
|
|
|
| LEADER |
00000cam a2200000 a 4500 |
| 001 |
vtls001307097 |
| 003 |
SK-MaSNL |
| 005 |
20260301155732.0 |
| 008 |
240226s1959 xo oda f n 000 0 slo |
| 015 |
|
|
|a SNBA1959
|
| 020 |
|
|
|q (viazané)
|
| 035 |
|
|
|a SNK000259368
|
| 035 |
|
|
|a urn:nbn:sk:snk-am3igor
|
| 035 |
|
|
|a 046FA1E8-3BDC-4D34-9068-297AE51B3656
|
| 035 |
|
|
|a urn:nbn:sk:snk-am00eddm
|
| 040 |
|
|
|a SNK
|b slo
|c SNK
|e AACR2
|
| 041 |
0 |
|
|a slo
|b rus
|b eng
|b ger
|
| 044 |
|
|
|a xo
|c SK
|
| 072 |
|
7 |
|a 616.89
|x Psychiatria
|2 konspekt
|
| 080 |
|
|
|a 615.851
|2 2011
|
| 080 |
|
|
|a 616.892/.895
|2 2001
|
| 080 |
|
|
|a (048.8)
|2 2011
|
| 100 |
1 |
|
|a Škoda, Ctirad,
|d 1921-1998
|4 aut
|9 174497
|
| 245 |
1 |
0 |
|a Liečba psychóz prostredím
|c Ctirad Škoda, Ružena Škodová-Somogyiová
|
| 260 |
|
|
|a Bratislava
|b Slovenská akadémia vied
|c 1959
|
| 300 |
|
|
|a 359 strán
|b fotografie, grafy, tabuľky
|c 25 cm
|
| 366 |
|
|
|e 1150 kusov
|
| 500 |
|
|
|a Poznámky pod čiarou
|
| 504 |
|
|
|a Bibliografie na konci kapitol
|
| 546 |
|
|
|a Text slovensky, resumé rusky, anglicky a nemecky
|
| 650 |
0 |
7 |
|a psychózy
|2 SNKPH
|9 71351
|
| 650 |
0 |
7 |
|a psychoterapia
|2 SNKPH
|9 2575
|
| 655 |
|
7 |
|a štúdie
|2 SNKPH
|9 57033
|
| 700 |
1 |
|
|a Škodová-Somogyiová, Ružena
|4 aut
|9 520351
|
| 710 |
2 |
|
|a Slovenská akadémia vied.
|b Sekcia biologických a lekárskych vied
|4 pbl
|9 192679
|
| 852 |
|
|
|a Slovenská národná knižnica
|
| 954 |
|
|
|a odborná, vedecká literatúra pôvodná (slovenská)
|2 lita
|
| 958 |
|
|
|a RK
|
| 958 |
|
|
|a TL
|
| 958 |
|
|
|a MI
|
| 958 |
|
|
|a NB
|
| 958 |
|
|
|a OND
|
| 958 |
|
|
|a EUIPO
|
| 999 |
|
|
|c 802436
|d 804366
|
| 952 |
|
|
|t P60, <04>, [BOOK], {604}
|a SNK
|b SNK
|y VYP
|7 0
|p 17A0104622
|o snkSC 12950 D1
|0 0
|1 0
|4 0
|d 1997-10-22
|l 0
|r 2005-01-02 00:00:00
|w 2026-02-24
|
| 952 |
|
|
|a SNK
|b SNK
|y PREZ
|7 0
|p 17A0845194
|o snkSC 12950
|i snkKSP 1413/59
|0 0
|1 0
|4 0
|d 2020-01-29
|f 1
|l 0
|r 2025-07-16 00:00:00
|w 2026-02-24
|